Women, land and power in Asia / (Record no. 76525)

MARC details
000 -LEADER
fixed length control field 00598nam a22001937a 4500
005 - DATE AND TIME OF LATEST TRANSACTION
control field 20130905110321.0
010 ## - LCCN (DPL NO)
LC control number ENG-107573
020 ## - INTERNATIONAL STANDARD BOOK NUMBER
International Standard Book Number 9780415662147
Terms of availability 995.00
035 ## - SYSTEM CONTROL NUMBER
System control number EN-91106
037 ## - SOURCE OF ACQUISITION
Source of stock number/acquisition DBAD/PUB
245 ## - TITLE STATEMENT
Title Women, land and power in Asia /
Statement of responsibility, etc edited by Govind Kelkar [and] Maithreyi Krishnaraj
260 ## - PUBLICATION, DISTRIBUTION, ETC. (IMPRINT)
Place of publication, distribution, etc New Delhi
Name of publisher, distributor, etc Routledge
Date of publication, distribution, etc 2013
270 ## - ADDRESS
Address 912, Tolstoy House, 15-17 Tolstoy Marg, Connaught Place
City New Delhi
Postal code 110001
300 ## - PHYSICAL DESCRIPTION
Extent xx,388p.
Dimensions 23cm(Hb)
500 ## - GENERAL NOTE
General note Includes index
700 ## - ADDED ENTRY--PERSONAL NAME
Dates associated with a name Kelkar, Govind
700 ## - ADDED ENTRY--PERSONAL NAME
Dates associated with a name Krishnaraj, Maithreyi
942 ## - ADDED ENTRY ELEMENTS (KOHA)
Source of classification or shelving scheme Dewey Decimal Classification
Item type English Books
Call number suffix WOM
Holdings
Withdrawn status Lost status Not for loan Collection code Home library Current library Date acquired Source of acquisition Cost, normal purchase price Full call number Barcode Copy number Cost, replacement price Koha item type
    Not For Loan Non-fiction D.B.Act.Division D.B.Act.Division 10/06/2013 DBAD / PUB 995.00 WOM EN-91106 1 995.00 English Books

© Delhi Public Library
Hit Counter
free hit counter